000 00461nam a2200181Ia 4500
001 17109
005 20260306170401.0
008 260306t2007||||xx |||||||||||||| ||und||
041 _aESP
082 _a657.458
_bM22
100 _aMancillas Pérez, Eduardo J.
_eAUT
245 0 _aLa auditoría administrativa:
_bun enfoque científico
260 _c2007
300 _a157 páginas :
_c23 cm.
650 _aGEN
654 _aCCO
942 _cLIB
_dJUS
_fJUS
_2ddc
_n
999 _c17109
_d17109